مكتبة جامعة عجلون الوطنية

فهرس بحث المكتبة

Normal view MARC view
  • القيادة الريادية-التميز الوظيفي

Entry Topical Term

Number of records used in: 1

001 - CONTROL NUMBER

  • control field: 62456

003 - CONTROL NUMBER IDENTIFIER

  • control field: JO-AjAnu

005 - DATE AND TIME OF LATEST TRANSACTION

  • control field: 20230606084212.0

008 - FIXED-LENGTH DATA ELEMENTS

  • fixed length control field: 230606|| aca||aabn | a|a d

040 ## - CATALOGING SOURCE

  • Original cataloging agency: JO-AjAnu
  • Transcribing agency: JO-AjAnu

150 ## - HEADING--TOPICAL TERM

  • Topical term or geographic name entry element: القيادة الريادية-التميز الوظيفي

670 ## - SOURCE DATA FOUND

  • Source citation: Work cat.: (JO-AjAnu)31850: اعداد خرابشة، صفاء مبارك مفضي خرابشة؛ اشراف هشام علي شطناوي, author 62455, دور القيادة الريادية في تحقيق التميز الوظيفي لدى العاملين في وزارة العمل الاردنية=The Role of Extrepreneurial Leadership in Achieving Job Excellence among Employees in Jordanian Ministry of Labor